00697 a2200217 4500001000700000003000400007005001700011008004100028020001800069082001900087100002400106245009200130260003300222300001000255630001600265630001900281700002300300942001200323999001700335952012700352138847OSt20210923140321.0  a9788183762724 a361.3068bS64S1 aSingh, Krishan Kant1 aSocial work : administration & developmentcby Krishan Kant Singh and Ram Shankar Singh aJaipurbABD Publishersc2011 a288p. aSocial Work aSocial service aSingh, Ram Shankar 2ddccBK c11583d11583 00102ddc40708TXBaCURAJbCURAJd2014-03-12eSCWg0.00l2o361.3068 S64Sp14516r2026-02-09s2026-02-09w2020-09-02yBK